000 00493nam a2200157 i 4500
001 70304
003 ES-MaACL
005 20230906170800.0
007 t|
008 040721s1971 sp |||| | glg d
100 1 _aGarcía-Rodríguez, José María.
_9163049
245 1 0 _aCativo da miña tristura
_b: versos galegos /
_canotados e traducidos polo autor, José María García-Rodríguez.
260 _a[Vigo] :
_bGalaxia,
_c[1971]
300 _a142 p. ;
_c20 cm.
852 _aES-MaACL
_jC-49475
999 _c70304
_d70304